• 首页
  • 本馆介绍
  • 公告通知
  • 最新文献
  • 馆藏检索
  • 电子资源
  • 读者导购
  • 参考咨询
  • 我的图书馆
  • 登录
  • 详细信息显示
  • 放入我的书架
  • 预约/预借图书
  • 作者相关作品
  • 分类相关作品
  • 丛书相关作品
  • 出版社相关作品

书目信息

  • 表格格式
  • 工作单格式
  • 卡片格式
题名:
双论域粗糙集理论与方法
    
 
作者: 杨海龙 著
分册:  
出版信息: 北京   科学出版社  2016.5
页数: 217页
开本: 24cm
丛书名:
单 册:
中图分类: O144
科图分类:
主题词: 集论--研究
电子资源:
ISBN: 978-7-03-048270-9
000 00946nam0 2200253 450
001 0400001142
005 20171014160628.0
010    @a978-7-03-048270-9@dCNY86.00
100    @a20160826d2016 em y0chiy50 ea
101 0  @achi
102    @aCN@b110000
105    @ay z 000yy
106    @ar
200 1  @a双论域粗糙集理论与方法@9shuang lun yu cu cao ji li lun yu fang fa@f杨海龙著
210    @a北京@c科学出版社@d2016.5
215    @a217页@d24cm
300    @a陕西师范大学优秀研究生教材资助项目
320    @a有书目(第215-217页)
330    @a本书系统研究双论域上的粗糙集理论与方法,主要包含单论域粗糙集的基本理论、双论域上的粗糙集模型的变换、双论域上基于水平集的粗糙集、双论域上的概率粗糙集、双论域上的多粒度粗糙集、双论域上的多粒度概率粗糙集、双论域上的多粒度决策粗糙集等理论及方法。
606 0  @a集论@x研究
690    @aO144@v5
701  0 @a杨海龙@9yang hai long@4著
801  0 @aCN@b91MARC@c20171014
905    @b1020101-5@dO144@f5@e117
    
    双论域粗糙集理论与方法/杨海龙著.-北京:科学出版社,2016.5
    217页;24cm
    陕西师范大学优秀研究生教材资助项目
    
    ISBN 978-7-03-048270-9:CNY86.00
    本书系统研究双论域上的粗糙集理论与方法,主要包含单论域粗糙集的基本理论、双论域上的粗糙集模型的变换、双论域上基于水平集的粗糙集、双论域上的概率粗糙集、双论域上的多粒度粗糙集、双论域上的多粒度概率粗糙集、双论域上的多粒度决策粗糙集等理论及方法。
●
相关链接 在E读中查询图书 在五车中查询图书 在当当中查询图书 在豆瓣中查询图书


正题名:双论域粗糙集理论与方法     索取号:O144/117         预约/预借

序号 登录号 条形码 馆藏地/架位号 状态 备注
1 1020101   210201011   第二样本阅览室/ [索取号:O144/117] 在馆    
2 1020102   210201020   密集书库-数信学院/ [索取号:O144/117] 在馆    
3 1020103   210201039   第三借阅区/ [索取号:O144/117] 在馆    
4 1020104   210201048   第三借阅区/ [索取号:O144/117] 在馆    
5 1020105   210201057   第三借阅区/ [索取号:O144/117] 在馆    
唐山师范学院图书馆 欢迎您!
大连网信软件有限公司© 版权所有